000 00844cab a2200313 4500
001 ABS60625
008 090401t1999 xxu||||| |||| 00| 0 eng d
035 _a(Sirsi) u93828
041 _aeng
245 _aRegional survey: Hampshire
260 _c1999
350 _a0
490 _aProperty Week
_v4 June 1999, 63-86(11)
650 _aBLACKWATER VALLEY
650 _aFAREHAM
650 _aHAMPSHIRE
650 _aINDUSTRIAL MARKET
650 _aISLE OF WIGHT
650 _aLEISURE MARKET
650 _aPROPERTY-COMMERCIAL PROPERTY-OFFICE PROPERTY-OFFICE PROPERTY MARKET
650 _aPLANNING ISSUES
650 _aPORTSMOUTH
650 _aSOUTHAMPTON
650 _aWHITELEY VILLAGE
650 _aWINCHESTER
690 _aPROPERTY-COMMERCIAL PROPERTY-COMMERCIAL PROPERTY MARKET
942 _n0
948 _c08/06/1999
999 _c59465
_d59465